Biotechnology, perspectives, policies, and issues : an international symposium, held at the University of Florida, Gainesville, Florida, June 1-4, 1986 /

Bibliographic Details
Corporate Author: University of Florida. Institute of Food and Agricultural Sciences
Other Authors: Vasil, I. K.
Format: Book
Language:English
Published: Gainesville : [Published for the] University of Florida Press [by] University Presses of Florida, [1987]
Subjects:

MARC

Tag First Indicator Second Indicator Subfields
LEADER 00000cam a2200000 a 4500
001 in00000016512
005 20151007052806.0
008 870512s1987 fluc b s10000 eng
010 |a  87014268  
020 |a 0813008832 
035 |a (OCoLC)15791738 
035 |9 AAA9202AM 
040 |a DLC  |c DLC  |d OCL  |d TXA  |d UtOrBLW 
049 |a TXAM  |c [A11485862] 
050 0 0 |a TP248.14  |b .B57 1987 
070 0 |a TP248.14.B5 
082 0 |a 303.4/83  |2 19 
245 0 0 |a Biotechnology, perspectives, policies, and issues :  |b an international symposium, held at the University of Florida, Gainesville, Florida, June 1-4, 1986 /  |c edited by Indra K. Vasil. 
264 1 |a Gainesville :  |b [Published for the] University of Florida Press [by] University Presses of Florida,  |c [1987] 
264 4 |c ©1987 
300 |a 247 pages :  |b portrait ;  |c 24 cm. 
336 |a text  |b txt  |2 rdacontent 
337 |a unmediated  |b n  |2 rdamedia 
338 |a volume  |b nc  |2 rdacarrier 
500 |a "Sponsored by the Institute of Food and Agricultural Sciences, University of Florida; the IC Institute, The University of Texas at Austin; and the RGK Foundation." 
504 |a Includes bibliographies. 
650 0 |a Biotechnology  |v Congresses. 
700 1 |a Vasil, I. K. 
710 2 |a University of Florida.  |b Institute of Food and Agricultural Sciences. 
999 |a MARS 
999 f f |s 5bd0c2d5-2132-3eaf-951d-6ae7f210a42f  |i 909b67b0-b6de-36ce-9238-36802ad43220  |t 0 
952 f f |p ric  |a Texas A&M University  |b Rellis Campus  |c Joint Library Facility  |d Remote Storage  |t 0  |e TP248.14 .B57 1987  |h Library of Congress classification  |i unmediated -- volume  |m A14811485862 
998 f f |a TP248.14 .B57 1987  |t 0  |l Remote Storage